Weed interference in the establishment of Urochloa ruziziensis (Registro n. 9511)
[ somente texto ]
| 000 -LÍDER | |
|---|---|
| fixed length control field | 03747nab a2200313 i 4500 |
| 003 - CÓDIGO MARC DA AGÊNCIA CATALOGADORA | |
| Campo de controle | BR-BrBNA |
| 005 - DATA E HORA DA ÚLTIMA ATUALIZAÇÃO | |
| Campo de controle | 20230920101947.0 |
| 008 - CAMPO DE TAMANHO FIXO | |
| fixed length control field | 230703b2019 bl.ar|pooa||| 00| 0 eng | |
| 040 ## - FONTE DA CATALOGAÇÃO | |
| Agência catalogadora | BR-BrBNA |
| Idioma da catalogação | eng |
| 072 ## - CATEGORIA AGRIS | |
| Código AGRIS | H60 |
| 100 ## - ENTRADA PRINCIPAL - NOME PESSOAL | |
| Nome pessoal | Lourenço, A.A. |
| 100 ## - ENTRADA PRINCIPAL - NOME PESSOAL | |
| Nome pessoal | Mota, R.V. |
| 100 ## - ENTRADA PRINCIPAL - NOME PESSOAL | |
| Nome pessoal | Sanches, J.L. |
| 100 ## - ENTRADA PRINCIPAL - NOME PESSOAL | |
| Nome pessoal | Marques, R.F. |
| 100 ## - ENTRADA PRINCIPAL - NOME PESSOAL | |
| Nome pessoal | Marchi, S.R. |
| 245 ## - TÍTULO PRINCIPAL | |
| Título principal | Weed interference in the establishment of Urochloa ruziziensis |
| 500 ## - NOTA GERAL | |
| Nota geral | Publicação on-line; 30 ref.; 5 tables; 7 illus.; Summaries (En, Pt) |
| 942 ## - ADDED ENTRY ELEMENTS (KOHA) | |
| Koha item type | |
| 520 ## - NOTA DE RESUMO | |
| Nota de conteúdo | <br/><br/>ABSTRACT - This research aimed to study weed interference relationship on<br/>morphogenesis, yield, and greenhouse gas production potential of Urochloa<br/>ruziziensis under pasture renovation conditions. The experimental design was a<br/>randomized block design with four replications. Treatments consisted of seven<br/>coexistence periods: 0, 15, 30, 45, 60, 75, and 90 days after emergence (DAE). The<br/>following morphological parameters were analyzed: number of tillers, number of<br/>leaves, photosynthetically active leaf blade biomass, fresh stem biomass, dead material<br/>biomass, and total dry biomass. In vitro analyses of methane (CH4<br/>) and carbon dioxide (CO2) production were also carried out. The results were submitted to analysis<br/>of variance by the F-test, and the test of means was carried out by the Scott-Knott<br/>test at 5%. Biomass, CH4, and CO2 production of U. ruziziensis were modified with<br/>only 15 days of weed coexistence, with an effect even higher from 45 DAE. Therefore,<br/>weeds interfere with all morphological parameters, yield, and greenhouse gas<br/>production in the pasture establishment with the forage grass U. ruziziensis.<br/><br/>Keywords: pasture renovation, weed competition, morphogenesis, carbon dioxide,<br/>methane.<br/> |
| 520 ## - NOTA DE RESUMO | |
| Nota de conteúdo | <br/><br/>RESUMO - Objetivou-se neste trabalho estudar a relação de interferência de plantas<br/>daninhas sobre a morfogênese, produtividade e potencial de produção de gases<br/>de efeito estufa de Urochloa ruziziensis em condições de renovação de pastagem.<br/>O delineamento experimental foi em blocos ao acaso, com os tratamentos constando<br/>de sete períodos de convivência (0, 15, 30, 45, 60, 75 e 90 dias após a emergência<br/>- DAE), com quatro repetições. Foram realizadas análises dos parâmetros<br/>morfológicos: número de perfilho, número de folhas, biomassa de lâmina foliar<br/>fotossinteticamente ativa, biomassa de caule verde, biomassa de matéria morta e<br/>biomassa seca total. Também foram realizadas análises in vitro de produção<br/>dos gases metano (CH4) e dióxido de carbono (CO2). Os resultados foram<br/>submetidos à análise de variância pelo teste F, e para os testes de média utilizouse <br/>Scott-Knott a 5%. A produção de biomassa, de CH4 e CO2 de U. ruziziensis foi alterada <br/>logo aos 15 dias de convivência com as plantas daninhas, havendo efeito<br/>ainda maior a partir de 45 DAE. Conclui-se que as plantas daninhas interferem em<br/>todos os parâmetros morfológicos, na produtividade e na produção de gases de<br/>efeito estufa na implantação de pastagem com a gramínea forrageira<br/>Urochloa ruziziensis.<br/><br/>Palavras-chave: renovação de pastagem, matocompetição, morfogênese, dióxido<br/>de carbono, metano. |
| 650 ## - ASSUNTO - THESAGRO | |
| Cabeçalho tópico ou nome geográfico | CAPIM UROCHLOA |
| 650 ## - ASSUNTO - THESAGRO | |
| Cabeçalho tópico ou nome geográfico | ERVA DANINHA |
| 650 ## - ASSUNTO - THESAGRO | |
| Cabeçalho tópico ou nome geográfico | MORFOGÊNESE |
| 650 ## - ASSUNTO - THESAGRO | |
| Cabeçalho tópico ou nome geográfico | DIÓXIDO DE CARBONO |
| 650 ## - ASSUNTO - THESAGRO | |
| Cabeçalho tópico ou nome geográfico | METANO |
| 773 0# - ENTRADA ANALÍTICA | |
| Host Biblionumber | 886 |
| Registro do item | 1816 |
| Imprenta | Londrina-PR : Sociedade Brasileira da Ciência das Plantas Daninhas, 1978 |
| Outro identificador | 2023-031023 |
| Título | Planta Daninha (Brazil) |
| ISSN | 0100-8358; 1806-9681 (on-line) |
| Colação | v. 37 p. 1-12; (2019) |
| Número de controle de registro | BR2023000472 |
| 856 ## - ACESSO E ENDEREÇO ELETRÔNICO | |
| Identificador uniforme de recurso - URI | https://www.scielo.br/j/pd/a/qszWbRgkqXKr4PCN6Jtrccs/?format=pdf&lang=en |
Nenhum exemplar disponível.

BINAGRI